000 00383nam a2200169Ia 4500
001 11144
003 GE_BSU
008 181216s||||||||xx |||||||||||||| ||und||
040 _cGE_BSU
245 4 _aThe Economist.№ 8897. 2014
245 _bJULY 26TH-AUGUST 1ST 2014.
260 _bThe Economist
260 _c2014.
300 _a74p;29cm.
653 _aThe Economist
942 _cCR
999 _c44382
_d44382